LIBRARY ONLINE CATALOGUE

Lectures on management accountancy : (Record no. 1653)

MARC details
000 -LEADER
fixed length control field 00730nam a22002172 4500
001 - CONTROL NUMBER
control field 0000021073
005 - DATE AND TIME OF LATEST TRANSACTION
control field 20151021152606.0
008 - FIXED-LENGTH DATA ELEMENTS--GENERAL INFORMATION
fixed length control field 120110s xx 000 0 eng d
020 ## - INTERNATIONAL STANDARD BOOK NUMBER
International Standard Book Number 8173815623 :
040 ## - CATALOGING SOURCE
Original cataloging agency KABU
Transcribing agency KABU
100 1# - MAIN ENTRY--PERSONAL NAME
Personal name Basu, B. K.
-- 0000181742
245 10 - TITLE STATEMENT
Title Lectures on management accountancy :
Remainder of title principles, system, and practice; a textbook on management accountancy /
Statement of responsibility, etc. B. K. Basu.
250 ## - EDITION STATEMENT
Edition statement Rev. ed.
260 ## - PUBLICATION, DISTRIBUTION, ETC. (IMPRINT)
Place of publication, distribution, etc. New Delhi :
Name of publisher, distributor, etc. New Central Book Agency,
Date of publication, distribution, etc. 2008.
300 ## - PHYSICAL DESCRIPTION
Extent xxiv, 1101 p.
650 #0 - SUBJECT ADDED ENTRY--TOPICAL TERM
Topical term or geographic name as entry element Accounting.
-- 0000148321
650 #0 - SUBJECT ADDED ENTRY--TOPICAL TERM
Topical term or geographic name as entry element Managerial accounting.
-- 0000151472
852 1# - LOCATION
-- p1500 KES
908 ## - PUT COMMAND PARAMETER (RLIN)
Put command parameter 120110
950 ## - LOCAL HOLDINGS (RLIN)
-- 1
Holdings
Withdrawn status Lost status Source of classification or shelving scheme Not for loan Home library Current library Date acquired Total Checkouts Full call number Barcode Date last seen Copy number Price effective from Koha item type
    Library of Congress Classification   Kabarak, Main Campus Kabarak, Main Campus 21/10/2015   HF5635 .B37 2008 c. 1 20288 02/08/2024 c.1 21/10/2015 General Collection